It's Raining Frogs! Quiz Stats

 Plays Quiz not verified by Sporcle

Challenge
Share
Tweet
Embed
Score 0/20 Timer 06:00
0 Plays Today
Hint Frog % Correct
The host of the Muppet ShowKermit the Frog
91.5%
Classic video game character who has to cross the streetFrogger
76.6%
2009 animated Disney filmThe Princess and the Frog
67.7%
A trio of frogs were seen in commercials for this beerBudweiser
61.3%
The protagonist of the Jungle Book whose name means frogMowgli
58.3%
The opening words of Joy to the World, made famous by Three Dog NightJeremiah was a bullfrog
51.9%
A popular sweet in the Harry Potter universeChocolate Frogs
48.1%
One of the main characters of the Wind in the WillowsMr. Toad
40%
The name of this Star Wars character means frog in YiddishJabba the Hutt
30.6%
Aristophanes play with the chorus 'Brekekekex koax koax.'The Frogs
28.9%
Hint Frog % Correct
The mascot of Honey SmacksDig'em
26.4%
Well-dressed mascot of the WBMichigan J. Frog
23%
Part of the Star Fox teamSlippy Toad
20.9%
1856 short story by Mark TwainThe Celebrated Jumping Frog of Calaveras County
17.9%
A fictional confection originating in the Monty Python sketch 'Trade Description Act'Crunchy Frogs
8.5%
Ub Iwerks character from the 1930sFlip the Frog
3.8%
Egyptian frog-goddess of fertilityHeget
2.6%
Team17 platformer originally for the AmigaSuperfrog
2.6%
They used to serve a king of Israel (Marvel Universe)King Solomon's Frogs
1.3%
A goofy frog member of the Destructix, from Sonic the HedgehogFlying Frog
0.9%

You're not logged in!

Compare scores with friends on all Sporcle quizzes.
OR
Log In

You Might Also Like...

Show Comments

Extras

Created Aug 14, 2010ReportNominate
Tags:Famous Quiz, fictional

Top Quizzes Today


Score Distribution

Your Account Isn't Verified!

In order to create a playlist on Sporcle, you need to verify the email address you used during registration. Go to your Sporcle Settings to finish the process.

Report this User

Report this user for behavior that violates our Community Guidelines.

Details: